[Event "Box Hill Open"]
[Site "Box Hill"]
[Date "2002.09.20"]
[Round "2.44"]
[White "Loo, David"]
[Black "Lugo, Jerome"]
[Result "1-0"]
[WhiteElo "802"]
[BlackElo "625"]
[Annotator "jp"]
[PlyCount "113"]
[EventDate "2002.09.13"]

1. d4 Nf6 2. c4 g6 3. Nc3 d5 4. Nf3 Bg7 5. Bd2 O-O 6. e3 Bf5 7. cxd5 Nxd5 8.
Bc4 Nb4 9. e4 Bg4 10. Be2 N8c6 11. d5 Bxf3 12. Bxf3 Nd4 13. O-O Ndc2 14. Rc1
Qd7 15. a3 Nd3 16. Qxc2 Nxc1 17. Bxc1 Rad8 18. Re1 a6 19. e5 e6 20. Bg5 Rc8 21.
Ne4 Qb5 22. Qd2 exd5 23. Nf6+ Kh8 24. Bh6 Rcd8 25. Qg5 Qa5 26. Rf1 d4 27. Qh4
Qxe5 28. Bg5 h5 29. Ng4 Qf5 30. Bxd8 d3 31. Bf6 Re8 32. Bxg7+ Kxg7 33. Ne3 Qc5
34. Qf4 d2 35. Nc4 Re1 36. Nxd2 Rxf1+ 37. Nxf1 f6 38. g3 g5 39. Qd2 Kg6 40.
Qd3+ Kh6 41. Be4 h4 42. Bf5 Qb6 43. Qc2 hxg3 44. Nxg3 Qd6 45. Qe2 Qd8 46. Qh5+
Kg7 47. Qg6+ Kf8 48. Qh6+ Ke8 49. Qh8+ Ke7 50. Qg7+ Kd6 51. Qf7 Qe7 52. Ne4+
Ke5 53. Qxe7+ Kxf5 54. Ng3+ Kg4 55. Kg2 b5 56. h3+ Kf4 57. Qxf6# 1-0

[Event "Box Hill Open"]
[Site "Box Hill"]
[Date "2002.09.20"]
[Round "2.45"]
[White "Yu, Sally"]
[Black "Devoy, Sean"]
[Result "1-0"]
[WhiteElo "217"]
[BlackElo "760"]
[Annotator "mg"]
[PlyCount "85"]
[EventDate "2002.09.13"]

1. e4 e5 2. Nf3 Bd6 3. Nc3 c6 4. Bc4 b5 5. Be2 h6 6. d4 Qf6 7. d5 Qg6 8. O-O
cxd5 9. Nxd5 Qxe4 10. Bxb5 Bb7 11. Nc3 Qg6 12. Re1 Ne7 13. Ne4 Bxe4 14. Bd3
Bxd3 15. cxd3 O-O 16. Nxe5 Qf6 17. d4 Nd5 18. Bd2 Qh4 19. Nf3 Qf6 20. Ne5 Nc6
21. Nxd7 Qxd4 22. Nxf8 Rxf8 23. Qc2 Bc5 24. Bc3 Nxc3 25. bxc3 Qf6 26. Rad1 Ne5
27. Rf1 Qh4 28. Rd5 Ng4 29. h3 Ne3 30. fxe3 Bxe3+ 31. Kh1 Re8 32. Rd7 Bf4 33.
Qf5 Qg3 34. Rxf4 Qe1+ 35. Kh2 Qxc3 36. Qxf7+ Kh7 37. Qxe8 Qc1 38. Qf7 Qb2 39.
Rg4 Qe5+ 40. g3 Qe2+ 41. Kg1 Qe1+ 42. Qf1 Qe3+ 43. Kh1 1-0

[Event "Box Hill Open"]
[Site "Box Hill"]
[Date "2002.09.20"]
[Round "2.46"]
[White "Shan, Indran"]
[Black "Dutka, Tomasz"]
[Result "1-0"]
[WhiteElo "737"]
[BlackElo "336"]
[Annotator "jp"]
[PlyCount "43"]
[EventDate "2002.09.13"]

1. d4 d5 2. Nc3 Nc6 3. e4 e6 4. Nf3 dxe4 5. Nxe4 e5 6. c3 Qd5 7. Bd3 Be7 8. O-O
Nf6 9. Re1 Bg4 10. h3 Bh5 11. dxe5 Nxe4 12. Bxe4 Qc4 13. Bd5 Qc5 14. Be4 Nxe5
15. Bxb7 Rd8 16. Qa4+ Rd7 17. Nxe5 O-O 18. Nxd7 Bh4 19. Nxc5 Rd8 20. Qxh4 Rd1
21. Rxd1 Bxd1 22. Qd8# 1-0

[Event "Box Hill Open"]
[Site "Box Hill"]
[Date "2002.09.20"]
[Round "2.47"]
[White "Farrelly, Cathy"]
[Black "Lauder, Chloe"]
[Result "1-0"]
[WhiteElo "733"]
[BlackElo "186"]
[Annotator "jp"]
[PlyCount "91"]
[EventDate "2002.09.13"]

1. d4 d5 2. e3 e6 3. Nf3 Bb4+ 4. Bd2 Bxd2+ 5. Nbxd2 Nf6 6. Bd3 Nc6 7. c3 Ng4 8.
Rb1 e5 9. dxe5 Ngxe5 10. Nxe5 Nxe5 11. Be2 Bf5 12. Rc1 Bd3 13. O-O Bxe2 14.
Qxe2 O-O 15. f4 Nc4 16. Nxc4 dxc4 17. Qxc4 Qd2 18. Qe4 Rfe8 19. Rc2 Rxe4 20.
Rxd2 Rxe3 21. Rfd1 h6 22. Rd3 Rxd3 23. Rxd3 Re8 24. Kf2 Kh7 25. Rd7 Re5 26.
fxe5 f6 27. exf6 Kg8 28. f7+ Kf8 29. Rxc7 g5 30. Rxb7 h5 31. c4 g4 32. c5 h4
33. c6 g3+ 34. hxg3 hxg3+ 35. Kxg3 Kg7 36. c7 Kg6 37. c8=Q Kg5 38. Qg4+ Kf6 39.
f8=R+ Ke5 40. Qf4+ Kd5 41. Rb5+ Ke6 42. Qe4+ Kd7 43. Rd5+ Kc6 44. Rc8+ Kb6 45.
Qb4+ Ka6 46. Rd6# 1-0

[Event "Box Hill Open"]
[Site "Box Hill"]
[Date "2002.09.20"]
[Round "2.48"]
[White "Leviczky, Laszlo"]
[Black "Wilson, Norm"]
[Result "1/2-1/2"]
[WhiteElo "1161"]
[BlackElo "1588"]
[Annotator "jp"]
[PlyCount "126"]
[EventDate "2002.09.13"]

1. d4 d5 2. c4 e5 3. e3 exd4 4. exd4 Nf6 5. Nc3 Be7 6. Nf3 O-O 7. Qb3 c6 8. Bd3
dxc4 9. Bxc4 Qb6 10. Be3 Qxb3 11. Bxb3 Nbd7 12. O-O Nb6 13. h3 Bf5 14. Rad1
Rad8 15. g4 Bg6 16. Nh4 Nfd5 17. Nxg6 hxg6 18. a3 Bf6 19. Ne4 Rfe8 20. Nxf6+
gxf6 21. Bd2 Re4 22. Ba5 Nf4 23. Bxb6 axb6 24. Kh2 Rexd4 25. Rfe1 Kf8 26. Rc1
Rd3 27. Re3 Rd2 28. Rc2 g5 29. Rec3 Rxc2 30. Rxc2 Nxh3 31. Bxf7 Nxf2 32. Be6
Ne4 33. Bf5 Nc5 34. b4 Nd7 35. a4 Ne5 36. b5 c5 37. Kg3 Ra8 38. Ra2 Nf7 39. Be4
Nd6 40. Bd5 Nxb5 41. axb5 Rxa2 42. Bxa2 Ke7 43. Bd5 Kd6 44. Bxb7 c4 45. Kf3 Kc5
46. Bc6 Kd4 47. Ke2 Kc3 48. Bd7 Kb2 49. Kd1 c3 50. Bf5 Kb3 51. Kc1 Kc4 52. Bd7
Kd3 53. Bf5+ Kc4 54. Kc2 Kxb5 55. Kxc3 Kc5 56. Kb3 Kb5 57. Bd7+ Kc5 58. Ka4 b5+
59. Bxb5 f5 60. gxf5 g4 61. f6 Kd6 62. f7 Ke7 63. Bc4 g3 1/2-1/2

[Event "Box Hill Open"]
[Site "Box Hill"]
[Date "2002.09.27"]
[Round "3.1"]
[White "Bourmistrov, Denis"]
[Black "Rikalo, Milenko"]
[Result "1/2-1/2"]
[WhiteElo "2040"]
[BlackElo "1810"]
[Annotator "mg"]
[PlyCount "76"]
[EventDate "2002.09.13"]

1. d4 d5 2. c4 dxc4 3. e4 e6 4. Bxc4 c5 5. d5 Nf6 6. Nc3 exd5 7. exd5 Bd6 8.
Nge2 Bf5 9. Bg5 Nbd7 10. Ng3 Qe7+ 11. Be2 Bxg3 12. hxg3 Nb6 13. O-O O-O 14. a4
Rad8 15. a5 Nc8 16. Re1 Nd6 17. Bd3 Qd7 18. Bxf6 gxf6 19. Ra4 Bxd3 20. Qxd3
Rfe8 21. Rd1 Re5 22. Rf4 Rf5 23. Qf3 Rxf4 24. gxf4 Qf5 25. Qe3 Nc4 26. Qe7 Rd7
27. Qxc5 Nxb2 28. Rd2 Qxf4 29. Qc8+ Kg7 30. Rxb2 Rc7 31. Qh3 Qc1+ 32. Kh2 Rxc3
33. Qg4+ Kf8 34. Qb4+ Kg7 35. Rb1 Qh6+ 36. Kg1 Rc1+ 37. Rxc1 Qxc1+ 38. Kh2 Qh6+
1/2-1/2

[Event "Box Hill Open"]
[Site "Box Hill"]
[Date "2002.09.27"]
[Round "3.2"]
[White "Dizdarevic, Mehmedalija"]
[Black "Lee, Michelle"]
[Result "0-1"]
[WhiteElo "1947"]
[BlackElo "1702"]
[Annotator "mg"]
[PlyCount "98"]
[EventDate "2002.09.13"]

1. e4 c5 2. Nc3 e6 3. g3 Nc6 4. Bg2 Nf6 5. d3 Be7 6. f4 d5 7. e5 Nd7 8. Nf3 O-O
9. O-O a6 10. a4 Rb8 11. Ne2 b5 12. c3 c4 13. d4 b4 14. Nd2 Qb6 15. Kh1 f6 16.
Bh3 Na5 17. Qc2 Bb7 18. Rb1 fxe5 19. dxe5 d4+ 20. Nf3 d3 21. Qd1 dxe2 22. Qxe2
Nc5 23. Be3 Bd5 24. Bg2 Nab3 25. Rfd1 Be4 26. Qxc4 Bxb1 27. Rxb1 bxc3 28. bxc3
Qa5 29. Bd4 Nxd4 30. Rxb8 Rxb8 31. cxd4 Rb1+ 32. Bf1 Qxa4 33. Qe2 Nb3 34. Qd3
Qa1 35. Kg2 Qb2+ 36. Kh3 Qc1 37. Bg2 Rb2 38. Qxa6 Qc2 39. Qa8+ Bf8 40. Ng5 Qf5+
41. g4 Qd3+ 42. Kh4 Qg6 43. Kg3 Nd2 44. Qc8 Rb6 45. Qd8 Rb3+ 46. Kf2 Qc2 47.
Kg1 Rb1+ 48. Kf2 Ne4+ 49. Kf3 Qd3# 0-1

[Event "Box Hill Open"]
[Site "Box Hill"]
[Date "2002.09.22"]
[Round "3.3"]
[White "Meydan, Arie"]
[Black "Le, Tuan N"]
[Result "0-1"]
[WhiteElo "1771"]
[BlackElo "1904"]
[Annotator "jp"]
[PlyCount "56"]
[EventDate "2002.09.13"]

1. e4 c5 2. Nc3 Nc6 3. Nf3 d6 4. d4 cxd4 5. Nxd4 Nf6 6. Bg5 e6 7. Qd2 Be7 8.
Be2 a6 9. O-O O-O 10. Rad1 Bd7 11. Nf3 Qb8 12. e5 dxe5 13. Bxf6 Bxf6 14. Ne4
Be7 15. Qe3 Rd8 16. Nfg5 Nd4 17. Bc4 b5 18. Qh3 h6 19. Rxd4 exd4 20. Nxf7 Kxf7
21. Qf5+ Bf6 22. Nxf6 bxc4 23. Qh5+ Kxf6 24. Re1 Qf4 25. g3 Qf5 26. Qh4+ Kf7
27. f4 Bc6 28. Re5 Qxc2 0-1

[Event "Box Hill Open"]
[Site "Box Hill"]
[Date "2002.09.27"]
[Round "3.13"]
[White "Liston, Howard"]
[Black "O'Connor, Phil"]
[Result "1-0"]
[WhiteElo "1702"]
[BlackElo "1539"]
[Annotator "jp"]
[PlyCount "45"]
[EventDate "2002.09.13"]

1. e4 c5 2. Nf3 d6 3. d4 cxd4 4. Nxd4 Nf6 5. Nc3 a6 6. Be2 b6 7. Be3 Nbd7 8.
Nd5 Nxe4 $4 (8... Bb7 $142) 9. Nc6 Bb7 10. Nxd8 Kxd8 11. Nxb6 Nxb6 12. Bxb6+
Kd7 13. O-O g6 14. Qd4 Nf6 15. Bc4 Bg7 16. Bxf7 Rhf8 17. Qa4+ Bc6 18. Be6+ Kxe6
19. Qxc6 Rac8 20. Rfe1+ Kf5 21. Qf3+ Kg5 22. Be3+ Kh4 23. Qh3# 1-0

[Event "Box Hill Open"]
[Site "Box Hill"]
[Date "2002.09.27"]
[Round "3.16"]
[White "Campara, Miralem"]
[Black "Chong, Trevor"]
[Result "1-0"]
[WhiteElo "1693"]
[BlackElo "1357"]
[Annotator "hl"]
[PlyCount "75"]
[EventDate "2002.09.13"]

1. e4 e5 2. Nc3 Nf6 3. Bc4 Nc6 4. Nf3 Be7 5. d4 exd4 6. Nxd4 Nxd4 7. Qxd4 d6 8.
Bg5 O-O 9. O-O-O Nxe4 10. Bxe7 Qxe7 11. Qxe4 Qxe4 12. Nxe4 Bf5 13. Rhe1 Rae8
14. Ng5 Bg6 15. f4 h6 16. Nf3 Be4 17. Re3 Kh8 18. Rde1 f5 19. Nh4 Kh7 20. Nxf5
Rxf5 21. Rxe4 Rxe4 22. Rxe4 d5 23. Bd3 dxe4 24. Bxe4 Kg6 25. g4 Kf6 26. Bxf5 g5
27. fxg5+ Kxg5 28. h3 Kh4 29. Kd2 Kg5 30. Kd3 h5 31. Bc8 b6 32. Kd4 h4 33. Bb7
Kf4 34. a4 c5+ 35. Kc4 Ke5 36. a5 Kd6 37. axb6 axb6 38. Kb5 1-0

[Event "Box Hill Open"]
[Site "Box Hill"]
[Date "2002.09.27"]
[Round "3.17"]
[White "Lugo, Ruperto"]
[Black "Goudy, Arthur"]
[Result "1-0"]
[WhiteElo "1612"]
[BlackElo "1331"]
[Annotator "hl"]
[PlyCount "41"]
[EventDate "2002.09.13"]

1. d4 Nf6 2. c4 c5 3. d5 e6 4. Nc3 exd5 5. cxd5 d6 6. e4 g6 7. f4 Bg4 8. Be2
Bxe2 9. Qxe2 Nbd7 10. Nf3 Bg7 11. O-O O-O 12. Re1 Re8 13. Nd2 a6 14. a4 Qb6 15.
Nc4 Qa7 16. b3 Re7 17. Qd1 Rc8 18. e5 Nb6 19. Ne3 Nfd7 20. Rf1 f5 21. a5 {
Scoresheet errors} 1-0

[Event "Box Hill Open"]
[Site "Box Hill"]
[Date "2002.09.27"]
[Round "3.18"]
[White "Turner, Adrian E"]
[Black "Jenkins, Keith"]
[Result "0-1"]
[WhiteElo "1562"]
[BlackElo "1686"]
[Annotator "hl"]
[PlyCount "108"]
[EventDate "2002.09.13"]

1. d4 d5 2. Nf3 Nf6 3. c4 e6 4. Nc3 Be7 5. Bg5 h6 6. Bf4 O-O 7. e3 c6 8. Rc1
Nbd7 9. cxd5 exd5 10. Bd3 Nh5 11. Bg3 Nxg3 12. hxg3 Nf6 13. Bc2 Bg4 14. Qd3 g6
15. Nh4 Ne4 16. Nxe4 dxe4 17. Qd2 g5 18. Bxe4 gxh4 19. gxh4 f5 20. Bf3 Bxf3 21.
gxf3 Rf7 22. h5 Qf8 23. a3 Re8 24. Rg1+ Rg7 25. Ke2 Bg5 26. Kd3 Qf7 27. f4 Bf6
28. Rxg7+ Qxg7 29. Rh1 Qg2 30. Qe1 Qe4+ 31. Kd2 Kh7 32. Rg1 Bxd4 33. Rg6 Bxb2
34. Qg1 Rd8+ 35. Ke2 Qc2+ 36. Kf3 Qd1+ 37. Qxd1 Rxd1 38. a4 Ra1 39. Re6 Rxa4
40. Re7+ Kg8 41. Rxb7 Ba3 42. Rc7 Ra6 43. e4 fxe4+ 44. Kxe4 Bd6 45. Rc8+ Kf7
46. f5 Ra4+ 47. Kd3 c5 48. Rh8 c4+ 49. Ke4 Kg7 50. Rd8 c3+ 51. Kd3 Be5 52. Rd7+
Kf6 53. f4 Rd4+ 54. Rxd4 Bxd4 0-1

[Event "Box Hill Open"]
[Site "Box Hill"]
[Date "2002.09.27"]
[Round "3.19"]
[White "Wilson, Norm"]
[Black "Simpson, Bruce"]
[Result "0-1"]
[WhiteElo "1588"]
[BlackElo "1393"]
[Annotator "jp"]
[PlyCount "50"]
[EventDate "2002.09.13"]

1. d4 Nf6 2. Nf3 e6 3. e3 c5 4. Bd3 cxd4 5. exd4 d5 6. Nbd2 Be7 7. O-O O-O 8.
b3 Nc6 9. Bb2 Nb4 10. Be2 a6 11. a3 Nc6 12. Bd3 b5 13. Re1 Qc7 14. Ne5 Bd6 15.
Qe2 Bb7 16. f4 b4 17. a4 g6 18. Ndf3 Nh5 19. Qe3 f6 20. Nxc6 Bxc6 21. Qxe6+ Rf7
22. g3 Bd7 23. Qxd5 Bc6 24. Qc4 Bxf3 25. Re7 $2 Qxe7 0-1

[Event "Box Hill Open"]
[Site "Box Hill"]
[Date "2002.09.27"]
[Round "3.20"]
[White "Armerman, Mendel"]
[Black "Frost, Peter"]
[Result "1/2-1/2"]
[WhiteElo "1485"]
[BlackElo "1754"]
[Annotator "hl"]
[PlyCount "92"]
[EventDate "2002.09.13"]

1. e4 e6 2. d4 d5 3. Nc3 Bb4 4. e5 Qd7 5. a3 Bxc3+ 6. bxc3 b6 7. Nf3 Ba6 8. Bd3
Bxd3 9. Qxd3 Nc6 10. O-O Na5 11. a4 Nc4 12. Nd2 Nxd2 13. Bxd2 a5 14. c4 Ne7 15.
cxd5 Qxd5 16. c4 Qd7 17. Qe4 O-O 18. Bc3 Rad8 19. Rfd1 c6 20. Qg4 Qc8 21. Rab1
Qa6 22. Qe2 Rb8 23. Qa2 Rfd8 24. h3 Qc8 25. Qe2 Rd7 26. g4 Qd8 27. Bb2 Ng6 28.
Qe3 b5 29. axb5 cxb5 30. cxb5 Rxb5 31. Ba1 Rxe5 32. Qb3 Red5 33. Qb8 e5 34.
Rdc1 Qf8 35. dxe5 Rd8 36. Qb2 Nxe5 37. Qe2 Nd3 38. Rc4 Qd6 39. Re4 Qc6 40. Bc3
h6 41. Be5 Qg6 42. Bg3 f5 43. Re6 Qf7 44. Re7 Qg6 45. Re6 Qf7 46. Re7 Qg6
1/2-1/2

[Event "Box Hill Open"]
[Site "Box Hill"]
[Date "2002.09.27"]
[Round "3.21"]
[White "Elbrish, Sam"]
[Black "Chmiel, Rad"]
[Result "1-0"]
[WhiteElo "1259"]
[BlackElo "1654"]
[Annotator "hl"]
[PlyCount "92"]
[EventDate "2002.09.13"]

1. e4 c5 2. Nc3 Nc6 3. Nf3 g6 4. Ne2 d5 5. exd5 Qxd5 6. Nc3 Qe6+ 7. Be2 Nd4 8.
O-O Bd7 9. Nxd4 cxd4 10. Nb5 Qe5 11. Na3 b5 12. Re1 Qc5 13. c3 Qf5 14. h3 h5
15. d3 Bg7 16. c4 b4 17. Nc2 a5 18. a4 Qc5 19. b3 Nh6 20. Bf4 g5 21. Bd2 g4 22.
Bxh6 Rxh6 23. hxg4 Qg5 24. Bf3 Raa6 25. gxh5 Bh3 26. Kh2 Bd7 27. g3 Qf5 28. g4
Qf4+ 29. Kg2 f5 30. gxf5 Bxf5 31. Rh1 Rae6 32. Bd5 Qg5+ 33. Kf1 Rd6 34. Qf3 Bg4
35. Rg1 Bxf3 36. Rxg5 Bxd5 37. Rxg7 Bf3 38. Re1 Rxh5 39. Rgxe7+ Kd8 40. Rg7
Rh1+ 41. Rg1 Rh4 42. Re5 Bd1 43. Ne1 Bxb3 44. Rxa5 Rh3 45. Ra7 Re6 46. Rg8+ Re8
{scoresheet errors} 1-0

[Event "Box Hill Open"]
[Site "Box Hill"]
[Date "2002.09.27"]
[Round "3.22"]
[White "Bekker, Gary D"]
[Black "Nikolayevsky, Artem"]
[Result "1-0"]
[WhiteElo "1576"]
[BlackElo "1259"]
[Annotator "hl"]
[PlyCount "55"]
[EventDate "2002.09.13"]

1. e4 d5 2. exd5 Nf6 3. c4 e6 4. dxe6 Bxe6 5. Be2 Qd4 6. Nf3 Qg4 7. O-O Bxc4 8.
Re1 Be7 9. d4 Bd5 10. Nc3 O-O 11. Nxd5 Nxd5 12. Bc4 Nb6 13. Rxe7 Nxc4 14. Rxc7
Nd6 15. Qb3 Nc6 16. Qd5 Rad8 17. Bg5 Rd7 18. Rxd7 Qxd7 19. Ne5 Qc7 20. Rc1 Rc8
21. Bf4 Nf5 22. Nd3 Nce7 23. Bxc7 Nxd5 24. Be5 Rd8 25. Nc5 b6 26. Nb7 Rd7 27.
Rc6 Rxb7 28. Rc8# 1-0

[Event "Box Hill Open"]
[Site "Box Hill"]
[Date "2002.09.27"]
[Round "3.23"]
[White "Nemeth, Laszlo"]
[Black "Van Dijk, Devrim"]
[Result "1-0"]
[WhiteElo "1547"]
[BlackElo "1256"]
[Annotator "hl"]
[PlyCount "55"]
[EventDate "2002.09.13"]

1. d4 Nf6 2. c4 c6 3. Nc3 d5 4. cxd5 cxd5 5. e3 Nc6 6. Bd3 e5 7. Nge2 e4 8. Bb5
a6 9. Bxc6+ bxc6 10. O-O Bd6 11. Ng3 O-O 12. f4 Ng4 13. h3 Nf6 14. Bd2 Bd7 15.
Rc1 Rb8 16. Na4 Qe8 17. Qc2 Qc8 18. Kh2 Qb7 19. Bc3 Rfc8 20. Nc5 Bxc5 21. dxc5
Ne8 22. Qf2 Qb5 23. Nh5 g6 24. Qg3 f5 25. Qg5 Qxc5 26. Be5 Qxe3 27. Nf6+ Nxf6
28. Qxf6 1-0

[Event "Box Hill Open"]
[Site "Box Hill"]
[Date "2002.09.27"]
[Round "3.24"]
[White "Bourmistrov, Alex"]
[Black "Vijayakumar, Rukman"]
[Result "1-0"]
[WhiteElo "1507"]
[BlackElo "1252"]
[Annotator "mg"]
[PlyCount "77"]
[EventDate "2002.09.13"]

1. d4 Nf6 2. c4 g6 3. Nc3 Bg7 4. e3 O-O 5. Bd3 d6 6. Nge2 Nbd7 7. O-O e5 8. Qc2
Ne8 9. b3 f5 10. f3 a5 11. Bb2 Bh6 12. Nd1 Qh4 13. e4 f4 14. Nf2 b6 15. Ng4 Bg7
16. Rad1 h5 17. Nf2 Qe7 18. Kh1 g5 19. dxe5 dxe5 20. Nc3 c6 21. Qc1 Ndf6 22.
Ba3 c5 23. Be2 Nc7 24. Nd5 Ncxd5 25. cxd5 Kh8 26. Bb5 g4 27. Nd3 g3 28. h3 Nxd5
29. exd5 Qh4 30. Rd2 Bxh3 31. gxh3 Qxh3+ 32. Kg1 Bf6 33. Qc2 h4 34. Bb2 Rg8 35.
Nxe5 g2 36. Rxg2 Rxg2+ 37. Qxg2 Rg8 38. Nf7+ Kh7 39. Bd3+ 1-0

[Event "Box Hill Open"]
[Site "Box Hill"]
[Date "2002.09.27"]
[Round "3.26"]
[White "Carey, Peter"]
[Black "Petrou, Anthony"]
[Result "1-0"]
[WhiteElo "1377"]
[BlackElo "1164"]
[Annotator "hl"]
[PlyCount "128"]
[EventDate "2002.09.13"]

1. e4 e6 2. d4 c5 3. d5 d6 4. Bb5+ Bd7 5. Bxd7+ Qxd7 6. Nc3 Be7 7. Nge2 Nf6 8.
Nf4 e5 9. Nfe2 Qg4 10. Ng3 O-O 11. f3 Qd7 12. O-O h5 13. Nf5 g6 14. Nh6+ Kh7
15. Qe1 Ng8 16. Qe3 g5 17. Nf5 f6 18. Ne2 Nh6 19. Nfg3 h4 20. Nh1 f5 21. Nf2 f4
22. Qd3 Na6 23. a3 Rac8 24. c4 g4 25. h3 gxh3 26. Nxh3 Rg8 27. Kh2 Qe8 28.
Nexf4 exf4 29. e5+ Qg6 30. Nxf4 Qxd3 31. Nxd3 dxe5 32. Nxe5 Bd6 33. f4 Rg3 34.
Bd2 Ng4+ 35. Nxg4 Rxg4 36. Rf2 Rf8 37. Raf1 Rfg8 38. Kh1 Nc7 39. f5 Ne8 40. f6
Rf8 41. Bc3 Rxc4 42. Rf5 Kg6 43. f7 Ng7 44. Rf6+ Kh7 45. Rxd6 Nh5 46. Kh2 Rf4
47. Rf6 Rg4 48. R6f3 Ng3 49. Re1 Kg6 50. Re6+ Kh7 51. Re8 Rxf7 52. Rxf7+ Kg6
53. Rg7+ Kf5 54. Rf8+ Ke4 55. Rxg4+ Kxd5 56. Rxh4 Ne2 57. Rd8+ Kc6 58. Be5 b6
59. a4 Nc1 60. b4 cxb4 61. Rc4+ Kb7 62. Rxc1 Ka6 63. Ra8 Kb7 64. Rcc8 b3 1-0

[Event "Box Hill Open"]
[Site "Box Hill"]
[Date "2002.09.27"]
[Round "3.27"]
[White "Foster, John"]
[Black "Yu, Derek"]
[Result "0-1"]
[WhiteElo "1356"]
[BlackElo "959"]
[Annotator "mg"]
[PlyCount "66"]
[EventDate "2002.09.13"]

1. c4 e5 2. Nc3 Nf6 3. g3 d5 4. cxd5 Nxd5 5. Bg2 Be6 6. d3 Bb4 7. Bd2 Nc6 8. a3
Bc5 9. Nf3 O-O 10. Ng5 Qf6 11. O-O h6 12. Nxe6 fxe6 13. Nxd5 exd5 14. Bxd5+ Kh8
15. Rc1 Bxf2+ 16. Kg2 Qd6 17. e4 Bd4 18. Qc2 Rab8 19. Bxc6 bxc6 20. Qxc6 Qxc6
21. Rxc6 Rxf1 22. Kxf1 Rxb2 23. Bb4 Bb6 24. h4 a5 25. Be7 Rd2 26. Bd8 Rxd3 27.
Bxc7 Bxc7 28. Rxc7 Rxa3 29. Re7 a4 30. Kf2 Ra1 31. Rxe5 a3 32. Ra5 a2 33. Ke2
Rg1 0-1

[Event "Box Hill Open"]
[Site "Box Hill"]
[Date "2002.09.27"]
[Round "3.28"]
[White "Carey, Jamie"]
[Black "Gombik, Louis"]
[Result "1-0"]
[WhiteElo "1026"]
[BlackElo "1224"]
[Annotator "hl"]
[PlyCount "56"]
[EventDate "2002.09.13"]

1. e4 c5 2. Nf3 Nc6 3. d4 cxd4 4. Nxd4 g6 5. Nc3 Bg7 6. Be3 Nf6 7. Bc4 a6 8.
Bb3 e6 9. f3 O-O 10. O-O d6 11. Nxc6 bxc6 12. Qd2 Kh8 13. Rad1 Ne8 14. Kh1 Bb7
15. Bc5 Qc7 16. Bxd6 Nxd6 17. Qxd6 Qxd6 18. Rxd6 Rad8 19. Rfd1 Bf6 20. e5 Be7
21. Rxd8 Rxd8 22. Rxd8+ Bxd8 23. Ne4 c5 24. Nxc5 Bc8 25. Bc4 a5 26. a3 Bb6 27.
b4 axb4 28. Ne4 bxa3 {scoresheet errors} 1-0

[Event "Box Hill Open"]
[Site "Box Hill"]
[Date "2002.09.27"]
[Round "3.29"]
[White "Nincevic, Anton"]
[Black "Leviczky, Laszlo"]
[Result "1/2-1/2"]
[WhiteElo "1281"]
[BlackElo "1161"]
[Annotator "hl"]
[PlyCount "82"]
[EventDate "2002.09.13"]

1. e4 c6 2. Nf3 d5 3. exd5 cxd5 4. d4 Bf5 5. Bd3 Bxd3 6. Qxd3 e6 7. O-O g6 8.
Bg5 Be7 9. Bf4 Nd7 10. Nbd2 Bf6 11. c3 Ne7 12. Nb3 b6 13. Rfe1 O-O 14. Ne5 Rc8
15. Qf3 Nc6 16. Nxd7 Qxd7 17. Bh6 Bg7 18. Bxg7 Kxg7 19. Nd2 f6 20. Qe2 e5 21.
dxe5 Nxe5 22. h3 Rce8 23. Qf1 Re7 24. f4 Nc6 25. Nf3 Rfe8 26. Rxe7+ Rxe7 27.
Re1 Qd6 28. Rxe7+ Qxe7 29. Qe1 Qe4 30. Qd2 h6 31. Kf2 g5 32. g3 a5 33. a3 b5
34. Qe2 b4 35. Qxe4 dxe4 36. Nd2 bxc3 37. bxc3 f5 38. Ke3 Kf6 39. Nc4 h5 40.
Kd2 gxf4 41. gxf4 h4 {scoresheet errors} 1/2-1/2

[Event "Box Hill Open"]
[Site "Box Hill"]
[Date "2002.09.27"]
[Round "3.30"]
[White "Hickman, Casey"]
[Black "Schlossberg, Jonathan"]
[Result "1-0"]
[WhiteElo "1164"]
[BlackElo "1085"]
[Annotator "mg"]
[PlyCount "55"]
[EventDate "2002.09.13"]

1. e4 d6 2. d4 Nf6 3. Nc3 g6 4. Nf3 Bg7 5. Bg5 Bg4 6. Bc4 Nbd7 7. h3 Bxf3 8.
Qxf3 c6 9. Bb3 Rc8 10. Rd1 O-O 11. O-O b5 12. e5 dxe5 13. dxe5 Ne8 14. e6 fxe6
15. Bxe6+ Kh8 16. Qg4 h5 17. Qh4 Nef6 18. Bxd7 Nxd7 19. Bxe7 Bf6 20. Bxd8 Bxh4
21. Bxh4 Ne5 22. Rfe1 Nc4 23. Rd7 Nxb2 24. Ree7 Rf4 25. Rh7+ Kg8 26. Rdg7+ Kf8
27. Be7+ Ke8 28. Rh8+ 1-0

[Event "Box Hill Open"]
[Site "Box Hill"]
[Date "2002.09.27"]
[Round "3.33"]
[White "Qian, Paul"]
[Black "Wan, James"]
[Result "0-1"]
[WhiteElo "818"]
[BlackElo "1238"]
[Annotator "mg"]
[PlyCount "66"]
[EventDate "2002.09.13"]

1. e4 c5 2. Nf3 b6 3. Nc3 Bb7 4. Bc4 e6 5. d3 a6 6. a4 Ne7 7. O-O g6 8. Re1 Bg7
9. Bg5 h6 10. Bxe7 Qxe7 11. Bd5 Nc6 12. Bxc6 Bxc6 13. Rb1 Rb8 14. e5 O-O 15. d4
f6 16. d5 Bb7 17. Qd3 Qf7 18. Rbd1 fxe5 19. Rd2 e4 20. Qxe4 Bxc3 21. bxc3 Bxd5
22. Qh4 Bxf3 23. gxf3 Kg7 24. Re3 d5 25. c4 d4 26. Red3 e5 27. c3 Qxc4 28. Qe7+
Kg8 29. Qxe5 Rbe8 30. Qg3 g5 31. cxd4 cxd4 32. Rxd4 Re1+ 33. Kg2 Qf1# 0-1

[Event "Box Hill Open"]
[Site "Box Hill"]
[Date "2002.09.27"]
[Round "3.34"]
[White "Fielder, Shaun"]
[Black "Loo, David"]
[Result "0-1"]
[WhiteElo "1162"]
[BlackElo "802"]
[Annotator "mg"]
[PlyCount "76"]
[EventDate "2002.09.13"]

1. e4 e5 2. Nf3 Nc6 3. Bb5 d6 4. d4 Bd7 5. d5 Nce7 6. Bxd7+ Qxd7 7. c4 c6 8.
Nc3 Nf6 9. O-O b5 10. Qd3 bxc4 11. Qxc4 cxd5 12. Nxd5 Nexd5 13. exd5 Be7 14.
Bg5 Rc8 15. Qb3 O-O 16. Rac1 e4 17. Nd2 Qf5 18. Bxf6 Bxf6 19. Rc6 Be5 20. Nc4
Rb8 21. Qc2 Bf4 22. Rd1 Rb5 23. Nxd6 Bxd6 24. Rxd6 Qe5 25. Rd7 Rxb2 26. Qc4 e3
27. fxe3 Qxe3+ 28. Kh1 Re8 29. Qf1 f6 30. Qg1 Qe2 31. Rxa7 Qe5 32. d6 Re2 33.
d7 Rd8 34. Ra8 Rxa8 35. d8=Q+ Rxd8 36. Rxd8+ Kf7 37. Qa7+ Kg6 38. Rd1 Qe4 {
White lost on time} 0-1

[Event "Box Hill Open"]
[Site "Box Hill"]
[Date "2002.09.27"]
[Round "3.35"]
[White "Benjamin, Frank"]
[Black "Shan, Indran"]
[Result "1-0"]
[WhiteElo "1139"]
[BlackElo "737"]
[Annotator "mg"]
[PlyCount "43"]
[EventDate "2002.09.13"]

1. e4 e5 2. Nf3 Nc6 3. Bc4 Nf6 4. Nc3 Nxe4 5. Bb3 Nxc3 6. bxc3 Bc5 7. O-O O-O
8. d3 h6 9. Be3 Bd6 10. Nd2 b6 11. d4 Bb7 12. Ne4 Be7 13. Qg4 Kh8 14. f4 f5 15.
Qh5 fxe4 16. fxe5 Ba6 17. Bxh6 d5 18. Be3+ Kg8 19. Rxf8+ Qxf8 20. Bxd5+ Qf7 21.
Qxf7+ Kh8 22. Qh5# 1-0

[Event "Box Hill Open"]
[Site "Box Hill"]
[Date "2002.09.27"]
[Round "3.36"]
[White "Loo, Jonathan"]
[Black "Farrelly, Cathy"]
[Result "1-0"]
[WhiteElo "1083"]
[BlackElo "733"]
[Annotator "mg"]
[PlyCount "49"]
[EventDate "2002.09.13"]

1. d4 d6 2. Nf3 Nf6 3. Bf4 Nc6 4. g3 g6 5. Bg2 Bg7 6. Nbd2 Be6 7. e4 Bg4 8. c4
b6 9. e5 dxe5 10. dxe5 Nxe5 11. Bxe5 Rc8 12. Qa4+ Qd7 13. Qxd7+ Kxd7 14. O-O
Bh6 15. Bxf6 exf6 16. Rad1 Rhe8 17. Ne4+ Ke6 18. Nd4+ Ke7 19. Nc6+ Ke6 20. Nxa7
Bxd1 21. Nxc8 Be2 22. Re1 Rxc8 23. Rxe2 Kf5 24. Bh3+ Ke5 25. Bxc8 1-0

[Event "Box Hill Open"]
[Site "Box Hill"]
[Date "2002.09.27"]
[Round "3.44"]
[White "Vijayakumar, Rengan"]
[Black "O'Connor, Andrew"]
[Result "1-0"]
[WhiteElo "706"]
[BlackElo "599"]
[Annotator "jp"]
[PlyCount "109"]
[EventDate "2002.09.13"]

1. e4 e5 2. Nf3 Nc6 3. Bc4 Nf6 4. Nc3 Bb4 5. d3 d6 6. Bg5 Bg4 7. h3 Bh5 8. g4
Bg6 9. h4 Bxc3+ 10. bxc3 Qd7 11. h5 Bxe4 12. dxe4 Nxe4 13. Rg1 Nxc3 14. Qd3 d5
15. Qxc3 dxc4 16. Nxe5 Qe6 17. Rb1 b6 18. Bf4 f6 19. Qxc4 Qxc4 20. Nxc4 O-O-O
21. Be3 Rhe8 22. Rd1 Nd4 23. Kf1 Nxc2 24. Rxd8+ Rxd8 25. Kg2 b5 26. Nb2 Nxe3+
27. Kf3 Nc4 28. Rb1 Nxb2 29. Rxb2 a6 30. Rc2 Rd5 31. Ke4 Re5+ 32. Kd4 Kb7 33.
f4 Re6 34. Kd5 Rd6+ 35. Ke4 Kb6 36. Rc3 g6 37. h6 c5 38. g5 fxg5 39. fxg5 b4
40. Rf3 Kb5 41. Rf7 Re6+ 42. Kd5 Re8 43. Rxh7 Rd8+ 44. Ke6 c4 45. Rd7 Re8+ 46.
Kf7 Re2 47. h7 Rh2 48. Kxg6 b3 49. axb3 cxb3 50. Kg7 a5 51. h8=Q Rxh8 52. Kxh8
a4 53. g6 a3 54. g7 b2 55. g8=Q 1-0